VfB Stuttgart players (2000-2010) - Statistics

General Stats
  • This quiz has been taken 5 times
  • The average score is 28 of 102
Answer Stats
Rank Player Positions Nationality Matches Goals (assists) Period % Correct
5 Aleksandr Hleb AM 164 13 (38) 2000-2005, 2009-2010
100%
25 Arthur Boka LB 68 1 (4) 2006-2010
100%
3 Cacau ST 177 62 (26) 2003-2010
100%
4 Fernando Meira CB 173 11 (4) 2001-2008
100%
17 Kevin Kuranyi ST 99 40 (18) 2001-2005
100%
13 Marcelo Bordon CB 106 9 (7) 2000-2004
100%
11 Mario Gómez ST 121 63 (22) 2003-2009
100%
24 Pável Pardo DM 71 4 (14) 2006-2009
100%
23 Ricardo Osorio RB 73 1 (5) 2006-2010
100%
16 Serdar Taşçı CB 101 6 (2) 2006-2010
100%
1 Timo Hildebrand GK 215 0 (0) 2000-2007
100%
39 Christian Gentner CM 39 1 (4) 2004-2007
75%
26 Jens Lehmann GK 65 0 (0) 2008-2010
75%
48 Jon Dahl Tomasson ST 30 8 (3) 2005-2007
75%
19 Krasimir Balakov AM 86 12 (17) 2000-2003
75%
15 Ludovic Magnin LB 103 2 (10) 2005-2010
75%
28 Marco Streller ST 55 9 (6) 2003-2007
75%
8 Matthieu Delpierre CB 143 2 (10) 2004-2010
75%
59 Raphael Schäfer GK 23 0 (0) 2007-2008
75%
12 Roberto Hilbert RB 120 16 (19) 2006-2010
75%
18 Sami Khedira CM 98 14 (13) 2006-2010
75%
10 Thomas Hitzlsperger CM 125 20 (12) 2005-2010
75%
47 Yıldıray Baştürk AM 31 4 (2) 2007-2010
75%
2 Zvonimir Soldo DM 185 9 (7) 2000-2006
75%
7 Andreas Hinkel RB 156 1 (9) 2000-2006
50%
20 Ciprian Marica ST 80 16 (10) 2007-2010
50%
30 Philipp Lahm RB 53 2 (3) 2003-2005
50%
94 Sergiu Radu ST 2 0 (0) 2007-2008
50%
6 Silvio Meißner DM 164 28 (8) 2000-2008
50%
71 Sven Ulreich GK 15 0 (0) 2007-2008, 2009-2010
50%
55 Zdravko Kuzmanovic CM 26 3 (2) 2009-2010
50%
52 Andreas Beck RB 27 1 (3) 2005-2008
25%
34 Antônio da Silva AM 48 3 (10) 2006-2008
25%
75 Benjamin Lauth ST 11 1 (1) 2006-2007
25%
31 Christian Träsch DM 49 4 (4) 2007-2010
25%
67 Cristian Molinaro LB 17 0 (2) 2009-2010
25%
72 Daniel Bierofka LM 13 0 (1) 2005-2007
25%
49 Danijel Ljuboja ST 29 8 (2) 2005-2006, 2008-2009
25%
85 Dirk Heinen GK 3 0 (0) 2005-2006
25%
76 Ewerthon ST 11 1 (1) 2007-2008
25%
14 Heiko Gerber LB 103 3 (8) 2000-2006
25%
29 Horst Heldt AM 54 3 (16) 2002-2005
25%
44 Ioannis Amanatidis ST 35 6 (3) 2002-2004
25%
53 Khalid Boulahrouz CB 27 0 (2) 2008-2010
25%
36 Markus Babbel CB 46 2 (1) 2004-2007
25%
38 Adhemar ST 39 9 (6) 2000-2002
0%
78 Ahmed Salah Hosny ST 8 0 (1) 2000-2001
0%
63 Alexander Farnerud CM 20 0 (5) 2006-2008
0%
89 Angelo Vaccaro ST 2 0 (0) 2000-2001
0%
95 Bernd Nehrig DM 1 0 (0) 2006-2007
0%
57 Boris Zivkovic RB 23 0 (1) 2003-2005
0%
42 Bradley Carnell LB 38 0 (2) 2000-2003
0%
9 Christian Tiffert CM 136 9 (12) 2000-2006
0%
90 Clemens Walch RM 2 0 (0) 2009-2010
0%
96 David Pisot CB 1 0 (0) 2007-2008
0%
45 Élson AM 31 4 (2) 2004-2005, 2008-2010
0%
80 Emanuel Centurión LM 6 0 (1) 2003-2005
0%
86 Georges Mandjeck DM 3 0 (0) 2008-2009
0%
68 Georg Niedermeier CB 17 1 (0) 2008-2010
0%
77 Hakan Yakin AM 9 0 (3) 2003-2005
0%
32 Imre Szabics CF 49 14 (6) 2003-2005
0%
21 Ionel Ganea ST 78 27 (9) 2000-2003
0%
60 Jan Simak AM 22 2 (2) 2008-2010
0%
43 Jens Todt DM 36 1 (0) 2000-2003
0%
56 Jesper Grønkjær LW 25 0 (3) 2005-2006
0%
64 Jochen Endreß CB 19 1 (0) 2000-2002
0%
22 Jochen Seitz LW 74 4 (16) 2000-2003
0%
46 Julian Schieber ST 31 3 (2) 2008-2010
0%
91 Julian Schuster DM 2 0 (0) 2007-2008
0%
40 Jurica Vranjes DM 39 0 (1) 2003-2005
0%
73 Kristijan Djordjevic RM 12 0 (0) 2000-2001
0%
58 Krisztián Lisztes AM 23 3 (1) 2000-2001
0%
87 Manuel Fischer ST 3 1 (1) 2007-2009
0%
83 Marco Pischorn CB 4 0 (0) 2007-2008
0%
97 Marijan Kovacevic CB 1 0 (0) 2008-2009
0%
81 Mario Carevic LM 6 0 (0) 2005-2006
0%
92 Markus Husterer CB 2 0 (0) 2003-2004
0%
54 Martin Lanig DM 27 4 (6) 2008-2010
0%
37 Martin Stranzl CB 44 1 (3) 2004-2006
0%
98 Marvin Braun AM 1 0 (0) 2001-2002
0%
99 Michael Langer GK 1 0 (0) 2006-2007
0%
69 Michael Mutzel DM 16 0 (1) 2002-2003
0%
84 Michael Rundio CB 4 0 (0) 2001-2003
0%
50 Pablo Thiam DM 29 4 (2) 2000-2001
0%
51 Pavel Pogrebnyak ST 28 6 (5) 2009-2010
0%
93 Peter Perchtold DM 2 0 (0) 2007-2008
0%
65 Roberto Pinto RM 19 0 (4) 2000-2001
0%
100 Robert Vujevic DM 1 0 (0) 2001-2002
0%
74 Rüdiger Kauf DM 12 0 (0) 2000-2001
0%
35 Rui Marques CB 47 0 (1) 2000-2003
0%
33 Sean Dundee ST 49 17 (4) 2000-2003
0%
70 Sebastian Rudy DM 15 0 (0) 2008-2010
0%
88 Serge Branco RB 3 0 (0) 2003-2004
0%
79 Stefan Blank LB 7 0 (0) 2000-2001
0%
62 Stefano Celozzi RB 21 0 (1) 2009-2010
0%
82 Steffen Dangelmayr CB 5 0 (0) 2002-2003
0%
101 Steffen Handschuh ST 1 1 (0) 2001-2002
0%
102 Steffen Kocholl LB 1 0 (0) 2001-2002
0%
66 Thomas Ernst GK 19 0 (0) 2000-2003
0%
61 Thomas Schneider CB 22 1 (1) 2000-2001, 2002-2003
0%
41 Timo Gebhart AM 39 2 (2) 2008-2010
0%
27 Timo Wenzel CB 65 1 (2) 2000-2004
0%
No matching quizzes found
Score Distribution
Percent of People with Each Score
Percentile by Number Answered
Your Score History
You have not taken this quiz